Názvoslovie organických zlúčenín /
Saved in:
| Main Authors: | , , |
|---|---|
| Format: | Book |
| Language: | Slovak |
| Published: |
Bratislava :
Slovenské pedagogické nakladateľstvo,
2007
|
| Edition: | 2. oprav. vyd. |
| Subjects: | |
| ISBN: | 9788010012091 |
| Online Access: |
|
| Tags: |
Add Tag
No Tags, Be the first to tag this record!
|
MARC
| LEADER | 00000nam a2200000 4500 | ||
|---|---|---|---|
| 003 | SK-BrCVT | ||
| 005 | 20220621163401.0 | ||
| 008 | 071015s2007 xo e ||||||slo d | ||
| 020 | |a 9788010012091 | ||
| 035 | |a CVTIDW1425480 | ||
| 040 | |b slo |a CVTI SR |e AACR2 | ||
| 041 | 0 | |a slo | |
| 044 | |a xo | ||
| 080 | |a 547:001.4 |2 UDC-MRF | ||
| 100 | 1 | |a Heger, Jozef |d 1926-, |4 aut | |
| 245 | 1 | 0 | |a Názvoslovie organických zlúčenín / |c Jozef Heger, Ivan Hnát, Martin Putala |
| 250 | |a 2. oprav. vyd. | ||
| 260 | |a Bratislava : |b Slovenské pedagogické nakladateľstvo, |c 2007 | ||
| 300 | |a 117 s. : |b obr., tab. ; | ||
| 653 | 1 | |a acyklický uhľovodík |a heterocyklická zlúčenina |a halogén |a derivát azánu |a alicyklický uhľovodík | |
| 700 | 1 | |a Hnát, Ivan |4 aut | |
| 700 | 1 | |a Putala, Martin |4 aut | |
| 910 | |b A603365 | ||
| 919 | |a 978-80-10-01209-1 | ||
| 974 | |f Knihy | ||
| 992 | |a AUS | ||
| 999 | |c 156514 |d 156514 | ||

